LEADER 01149nam a2200229 i 4500 001 000000231760 003 CaOOAMICUS 005 20140811000000.0 008 140811s1754 it u000 u lat u 013 $a210663 026 $a7.9. 2.0. 7.** [1de (3) 1754 (R) 040 $aSeMil$bita 240 10$aCommentarius literalis in S. Scripturam. Josue. Judices, Ruth, Reges.$0(OLS)http://semarc/title/330844 245 10$aTomus 2. 300 $a[4], 768, [4] p. 500 $aLe pp. 9-20 legate erroneamente dopo la p. 32. - Segn. : A-3Q6 3R-3S4 3T6. 773 0 $aCalmet, Augustin $tCommentarius literalis in omnes libros Veteris et Novi Testamenti authore r.p.d. Augustino Calmet ... opus Gallice primum ab authore, nunc vero Latinis literis traditum a Joanne Dominico Mansi .. Tomi primi pars 1. [-Tomus 8.].$dVenetiis : apud Sebastianum Coleti, 1754-1756.$bEditio novissima ab authore recognita ...$g2$w()30295 850 $aSeMil 852 $aSeMil$W1$xVenegono$y1$m2V VI 30 FA$j182106$B182106$CSeMilBibl$Z2$F193146 $8I 941 1 $a10 961 $aRecupero: Mantegazza 996 $6245$aTomus 2$9(OLS)http://semarc/title/93022 LEADER 01400nam a2200265 i 4500 001 000000232112 003 CaOOAMICUS 005 20190820125534.0 008 140819s1700 it u000 u lat u 013 $a211015 026 $anct. s.t, y-o- noJu (3) 1700 (R) 040 $aSeMil$bita 100 1 $aCornelius : a Lapide,$c.$0(OLS)http://semarc/name/6672 245 10$aR. P. Corn. Cornelii a Lapide ... Commentarius in Cantica Canticorum. 250 $aEditio veneta indicibus necessariis instructa, omnibusque expurgata mendis studio sedulitate, ac diligentia perquam oculatissima. 260 $aVenetiis :$bSumptibus Hieronymi Albritii,$c1700. 300 $a[10], 277, [29] p. ;$cfol. 500 $aTesto su due colonne. - Marca (monogramma del tip.) xilogr. sul front. - Iniz. xilogr. - Segn. : A-2B6 2C8. 650 4$aBibbia. Antico Testamento. Cantico dei Cantici - Commentari, studi, critica, interpretazioni.$0(OLS)http://semarc/subject/5490 700 1 $aAlbrizzi, Girolamo,$c.$0(OLS)http://semarc/name/13947 850 $aSeMil 852 $aSeMil$W1$xVenegono$y1$m2W VI 43 FA$j182458$B182458$CSeMilBibl$Z2$F193480 $8I 996 $6245$aR. P. Corn. Cornelii a Lapide ... Commentarius in Cantica Canticorum$9(OLS)http://semarc/title/331235 996 $6260$aVenetiis :$bSumptibus Hieronymi Albritii$9(OLS)http://semarc/publisher/38541